00416nam a2200121Ia 4500003000400000008004100004040001600045082001500061245013000076260007200206300001100278490000500289GCL140319s9999 xx 000 0 ara d aGCL / cGCL04a239bص ر10aالرحيث المختوم: بحث فى السيرة النبوية على صاحبها افضل الصلاة والسلام a[S.N] : bدار الرحمة للنشر والتوزيع ، c1990 a602 ص a